000 00920nam a22002538a 4500
005 20081024151836.0
008 080626s2008 cau 000 0 eng
010 _aENG-91770
020 _a9780070229495
_c795.00
020 _a007022949X
_c795.00
035 _aEN-75303
037 _bDBAD / PUb
040 _adpl
_bEnglish
082 _a658.575
100 _aBarkley, Bruce T.
245 _aProject management in new product development /
_cby Bruce T. Barkley
260 _aNew Delhi
_bTata McGraw-Hill,
_c2008
300 _axxxiii, 397p.
_c25cm (Hb)
500 _aIncludes bibliographical references and index
650 _aNew products
650 _aProduct management
942 _2ddc
_cEN
_mBAR
_h658.575
999 _c19018
_d19018